000 01106cam a2200229 4500
001 WB3720-01
008 000000n2001 000 0 eng u
035 _a(Sirsi) u112715
245 _aEnergy efficiency in buildings
260 _c2001
490 _aRICS European Alert
_vMay 2001, 2(1)
520 _aThe European Commission has agreed in principle a draft directive on energy efficiency in buildings aimed at achieving a cost-effective energy saving of over 22% in the construction sector. The draft directive includes the application and updating of minimum standards based on a common methodology for new and for existing buildings over 1500m3, certification schemes and the specific inspection and assessment of heating and cooling installations by qualified personnel.
590 _aWB
650 _aCONSTRUCTION INDUSTRY
650 _aENERGY EFFICIENCY
650 _aENVIRONMENTALLY FRIENDLY BUILDINGS
650 _aEUROPEAN COMMISSION
650 _aSUSTAINABLE BUILDINGS
650 _aSUSTAINABLE CONSTRUCTION
690 _aBUILDING AND CONSTRUCTION-ENERGY MANAGEMENT
942 _n0
999 _c67106
_d67106